01328cam a22003135a 45000010009000000050017000090080041000260200018000670400033000850820019001181110059001372450149001962460068003452460047004132460049004602600046005093000037005554900039005925000027006315040051006586500036007096510010007456530025007557000034007807000030008149420008008449990017008529520145008691759124820161229131541.0130115t2012 ne a frb 101 0 eng d a9780444594969 aDLCbengcDLCdDLCdEG-ScBUE04222a665.7bPRO2 aGas Processing Symposiumn(3rd :d2012 :cDoha, Qatar)10aProceedings of the 3rd international gas processing symposium :b5 - 7 March, 2012, Doha, Qatar /cedited by Abdelwahab Aroussi, Farid Benyahia.3 aProceedings of the third international gas processing symposium18a3rd international gas processing symposium3 aThird international gas processing symposium aAmsterdam ;aOxford :bElsevier,cc.2012. a[xiii], 419 p. :bill. ;c24 cm.0 aAdvances in gas processing ;vv. 3 aSymposium proceedings. aIncludes bibliographical references and index. 7aNatural gasvCongresses.2BUEsh 2BUEsh bENGPETcDecember20161 aAroussi, Abdelwahab,eeditor.1 aBenyahia, Farid,eeditor. 2ddc c23781d23753 00102ddc40708AcademicaMAINbMAINc1STd2016-12-29ePurchasef2800g999999.99l0o665.7 PROp000040700r2025-07-15 00:00:00v3500.00yBB